000 00942nam1a22002651i 4500
001 RU\INGAK2\INFOCOMM_322\NLR\5000174329
005 20240726235841.0
035 _a(NLR Aleph) 011041079
090 _a11153688
_c11153688
100 _a20130213d1964 |||y0rusy50 ba
101 1 _aspa
_crus
102 _aRU
105 _ay z||||
200 1 _aPoema pedagógico
_dПедагогическая поэма
_eEn 3 partes
_e[Trad. del ruso]
_fA. Makarenko
_zrus
210 _aM.
_c"Progreso"
_d1964
215 _a3 т.
_d20 см
300 _aПарал. тит. л. на рус. яз.: А. Макаренко. Педагогическая поэма
510 1 _aПедагогическая поэма
_zrus
620 _aМосква
686 _aЛх-рс770(исп.)
_2rubbk
700 1 _aMakarenko
_bA. S.
_f1888-1939
_gAnton Semenovič
801 1 _aRU
_bInfoComm
_c20130213
801 0 _aRU
_bNLR
_gPSBO
852 _aNLR
_jЛ31 Г-3/1392
942 _cBOOK